WWE - Brock Lesnar's PPV Opponents - Statistics

General Stats
  • This quiz has been taken 3,060 times
    1,648 since last reset
  • The average score is 77 of 93
Answer Stats
Year Event Match Type Opponent % Correct
2003 Backlash John Cena
97%
2003 Survivor Series 5 vs 5 Elimination Match John Cena
97%
2012 Extreme Rules Extreme Rules Match John Cena
97%
2014 SummerSlam John Cena
97%
2014 Night of Champions John Cena
97%
2015 Royal Rumble Triple Threat Match John Cena
97%
2015 WrestleMania 31 Roman Reigns
97%
2016 Fastlane Triple Threat Match Roman Reigns
97%
2017 SummerSlam Fatal 4-Way Match Roman Reigns
97%
2018 WrestleMania 34 Roman Reigns
97%
2018 Greatest Royal Rumble Steel Cage Match Roman Reigns
97%
2018 SummerSlam Roman Reigns
97%
2021 Crown Jewel Roman Reigns
97%
2022 WrestleMania 38 Roman Reigns
97%
2022 SummerSlam Last Man Standing Match Roman Reigns
97%
2002 Unforgiven The Undertaker
97%
2002 No Mercy Hell in a Cell Match The Undertaker
97%
2003 No Mercy Biker Chain Match The Undertaker
97%
2014 WrestleMania XXX The Undertaker
97%
2015 SummerSlam The Undertaker
97%
2015 Hell in a Cell Hell in a Cell Match The Undertaker
97%
2015 Royal Rumble Triple Threat Match Seth Rollins
96%
2015 Battleground Seth Rollins
96%
2019 WrestleMania 35 Seth Rollins
96%
2019 Extreme Rules Seth Rollins
96%
2019 SummerSlam Seth Rollins
96%
2022 Day 1 Fatal 5-Way Match Seth Rollins
96%
2022 Elimination Chamber Elimination Chamber Match Seth Rollins
96%
2012 SummerSlam Triple H
94%
2013 WrestleMania 29 No Holds Barred Match Triple H
94%
2013 Extreme Rules Steel Cage Match Triple H
94%
2016 Fastlane Triple Threat Match Dean Ambrose
90%
2016 WrestleMania 32 No Holds Barred Street Fight Dean Ambrose
90%
2003 No Way Out 3-on-2 Handicap Match Kurt Angle
90%
2003 WrestleMania XIX Kurt Angle
90%
2003 Vengeance Triple Threat Match Kurt Angle
90%
2003 SummerSlam Kurt Angle
90%
2003 Survivor Series 5 vs 5 Elimination Match Kurt Angle
90%
2004 WrestleMania XX Goldberg
89%
2016 Survivor Series Goldberg
89%
2017 WrestleMania 33 Goldberg
89%
2018 Royal Rumble Triple Threat Match Kane
89%
2016 SummerSlam Randy Orton
89%
2002 SummerSlam The Rock
88%
2017 SummerSlam Fatal 4-Way Match Braun Strowman
86%
2017 No Mercy Braun Strowman
86%
2018 Royal Rumble Triple Threat Match Braun Strowman
86%
2018 Crown Jewel Braun Strowman
86%
2023 Backlash Cody Rhodes
86%
2023 Night of Champions Cody Rhodes
86%
2023 SummerSlam Cody Rhodes
86%
2002 Survivor Series The Big Show
86%
2003 Royal Rumble Royal Rumble Qualifying Match The Big Show
86%
2003 Judgment Day Stretcher Match The Big Show
86%
2003 Vengeance Triple Threat Match The Big Show
86%
2014 Royal Rumble The Big Show
86%
2022 Day 1 Fatal 5-Way Match Bobby Lashley
84%
2022 Royal Rumble Bobby Lashley
84%
2022 Elimination Chamber Elimination Chamber Match Bobby Lashley
84%
2022 Crown Jewel Bobby Lashley
84%
2023 Elimination Chamber Bobby Lashley
84%
2017 Survivor Series AJ Styles
83%
2022 Elimination Chamber Elimination Chamber Match AJ Styles
83%
2020 WrestleMania 36 Drew McIntyre
82%
2013 SummerSlam No Disqualifications Match CM Punk
81%
2018 Survivor Series Daniel Bryan
79%
2004 No Way Out Eddie Guerrero
77%
2019 Survivor Series Rey Mysterio
77%
2023 WrestleMania 39 Omos
74%
2017 Great Balls of Fire Samoa Joe
74%
2017 SummerSlam Fatal 4-Way Match Samoa Joe
74%
2022 Day 1 Fatal 5-Way Match Big E
73%
2002 Rebellion 2-on-1 Handicap Match Edge
72%
2002 Backlash Jeff Hardy
72%
2002 Insurrextion Tag Team Match Jeff Hardy
72%
2002 Judgment Day Tag Team Match Jeff Hardy
72%
2002 Insurrextion Tag Team Match Matt Hardy
72%
2002 Judgment Day Tag Team Match Matt Hardy
72%
2003 Survivor Series 5 vs 5 Elimination Match Chris Benoit
68%
2022 Day 1 Fatal 5-Way Match Kevin Owens
68%
2022 Elimination Chamber Elimination Chamber Match Austin Theory
65%
2019 Royal Rumble Finn Balor
62%
2002 King of the Ring KOTR Finals Rob Van Dam
56%
2002 Vengeance Rob Van Dam
56%
2003 No Way Out 3-on-2 Handicap Match Shelton Benjamin
55%
2020 Super Showdown Ricochet
47%
2003 No Way Out 3-on-2 Handicap Match Charlie Haas
45%
2019 Crown Jewel Cain Velasquez
44%
2022 Elimination Chamber Elimination Chamber Match Matt Riddle
43%
2003 Survivor Series 5 vs 5 Elimination Match Hardcore Holly
40%
2004 Royal Rumble Hardcore Holly
40%
2002 King of the Ring KOTR Semi-Finals Test
40%
2003 Survivor Series 5 vs 5 Elimination Match Bradshaw
20%
No matching quizzes found
Score Distribution
Percent of People with Each Score
Percentile by Number Answered
Your Score History
You have not taken this quiz since the last reset